| 000 | 00879cas a22002177a 4500 | ||
|---|---|---|---|
| 999 |
_c6994 _d6994 |
||
| 003 | OSt | ||
| 005 | 20231121124351.0 | ||
| 008 | 170131s2000 sp |||||o 000 ||spa|d | ||
| 040 |
_bcat _cCDMR |
||
| 245 | 1 | 0 |
_aDatos EGM _b: resumen general [recurs electrònic] / _cAsociación para la Investigación de Medios de Comunicación (AIMC) |
| 246 | _aDatos del Estudio General de Medios : resumen general | ||
| 260 |
_aMadrid : _bAsociación para la Investigación de Medios de Comunicación, _c2000 - |
||
| 310 | _aAnual | ||
| 362 | _a2000- | ||
| 650 | 0 | 4 |
_aMitjans de comunicació de massa _xPúblic _zEspanya |
| 650 | 0 | 0 |
_aTeleespectadors _zEspanya _93121 |
| 650 | 0 | 0 |
_aRàdio _xOients _zEspanya _94179 |
| 710 | 2 | _aAsociación para la Investigación de Medios de Comunicación | |
| 856 |
_uhttp://www.aimc.es/-Datos-EGM-Resumen-General-.html _zAccés en línia |
||
| 942 |
_cSER-E _2udc |
||